Contract law text,cases and materials / (Record no. 5331)

MARC details
000 -LEADER
fixed length control field 00627nam a22001937a 4500
008 - FIXED-LENGTH DATA ELEMENTS--GENERAL INFORMATION
fixed length control field 130310t xxu||||| |||| 00| 0 eng d
020 ## - INTERNATIONAL STANDARD BOOK NUMBER
International Standard Book Number 9-7801-9957-9792
082 ## - DEWEY DECIMAL CLASSIFICATION NUMBER
Edition number 22 ed.
Classification number 346.02 MCK
100 ## - MAIN ENTRY--PERSONAL NAME
Personal name Mckendrick,Ewan
9 (RLIN) 7086
245 ## - TITLE STATEMENT
Title Contract law text,cases and materials /
Statement of responsibility, etc Ewan Mckendrick
250 ## - EDITION STATEMENT
Edition statement 4 ed.
260 ## - PUBLICATION, DISTRIBUTION, ETC. (IMPRINT)
Place of publication, distribution, etc Oxford New York :
Name of publisher, distributor, etc Oxford University press
Date of publication, distribution, etc 2010
300 ## - PHYSICAL DESCRIPTION
Extent xxxiv, 1052 P. ;
Dimensions 24 cm.
500 ## - GENERAL NOTE
General note Includes Index
650 ## - SUBJECT ADDED ENTRY--TOPICAL TERM
Topical term or geographic name as entry element Contract law-text,cases and materials
9 (RLIN) 7087
650 ## - SUBJECT ADDED ENTRY--TOPICAL TERM
Topical term or geographic name as entry element Contract law
9 (RLIN) 6967
650 ## - SUBJECT ADDED ENTRY--TOPICAL TERM
Topical term or geographic name as entry element Contract law text,cases and materials
9 (RLIN) 7088
942 ## - ADDED ENTRY ELEMENTS (KOHA)
Source of classification or shelving scheme Dewey Decimal Classification
Item type Books
Holdings
Withdrawn status Lost status Source of classification or shelving scheme Damaged status Not for loan Home library Current library Shelving location Date acquired Total Checkouts Full call number Barcode Date last seen Copy number Price effective from Koha item type Public note
    Dewey Decimal Classification     Law Development Centre Main Library Law Development Centre Main Library Text Books and Laws 03/10/2013   346.02 MCK 4527/2013 03/10/2013 1 03/10/2013 Books Reserve
    Dewey Decimal Classification     Law Development Centre Main Library Law Development Centre Main Library Text Books and Laws 03/10/2013   346.02 MCK 4528/2013 03/10/2013 2 03/10/2013 Books Reserve